All Too Well (10 Minute Version) Lyrics - Statistics

General Stats
  • This quiz has been taken 23,656 times
  • The average score is 387 of 500
Answer Stats
Answer % Correct
a
99%
A
99%
I
99%
the
98%
The
98%
you,
98%
You
98%
you
98%
it
97%
was
97%
an
96%
in
96%
me
96%
me,
96%
we
96%
all
95%
all,
95%
And
95%
and
95%
do
95%
to
95%
To
95%
So
94%
like
93%
my
93%
there
93%
There
93%
your
93%
But
92%
but
92%
no
92%
too
92%
well
92%
well,
92%
Well,
92%
scarf
91%
with
91%
at
90%
cold
89%
door
89%
where
89%
air
88%
be
88%
'bout
88%
house
88%
remember
88%
sister's
88%
walked
88%
We're
88%
were
88%
felt
87%
got
87%
home
87%
left
87%
now
87%
now,
87%
on
87%
through
87%
somethin'
85%
still
85%
car,
84%
car
84%
then
84%
again
83%
even
83%
it's
83%
somehow
83%
up
83%
when
82%
drawer,
81%
down
80%
down,
80%
Down
80%
are
79%
lost
79%
town
79%
know
78%
That
78%
that
78%
'Cause
77%
'cause
77%
"Fuck
77%
gone
77%
here
77%
love,"
77%
not
77%
Not
77%
I'm
76%
call
75%
'Cause
75%
long
74%
red
74%
sweet
74%
after
73%
After
73%
piece
73%
time
73%
you've
73%
ground,
72%
never
72%
of
72%
patriarchy"
72%
about
71%
gaze
71%
little
71%
Oh,
71%
oh,
71%
oh
71%
say
71%
fine
70%
getting
70%
keychain
70%
thinkin'
70%
what
70%
always
69%
disposition
69%
for
69%
keys,
69%
'bout
68%
lookin'
68%
skippin'
68%
can
67%
over
67%
street
67%
upstate
67%
who
67%
called
66%
singin'
66%
tellin'
66%
tossing
66%
future
65%
hair,
65%
leaves
65%
more
65%
picture
65%
team
65%
almost
64%
as
64%
drive
64%
fallin'
64%
gonna
64%
past,
64%
"Any
63%
Autumn
63%
days
63%
He's
63%
place
63%
ran
63%
turnin'
63%
Wind
63%
magic's
62%
okay,
62%
stories
62%
tee-ball
62%
these
62%
wide-eyed
62%
bed
61%
glasses
61%
kid
61%
light
61%
might
61%
mother's
61%
back
60%
dancin'
60%
into
60%
night
60%
pieces
60%
swear
59%
'Til
59%
'til
59%
used
59%
cheeks
58%
kitchen
58%
middle
58%
same
57%
twin-sized
57%
come
56%
dead
56%
months
56%
three
56%
why
56%
album
55%
Check
55%
could
55%
counter,
55%
grave
55%
nothing
55%
Photo
55%
refrigerator
55%
else
53%
forget
53%
stairs,
53%
swearin'
53%
buried
52%
had
52%
maybe
52%
pulse
52%
shame
51%
enough
50%
needed
50%
'round
50%
bein'
49%
held
49%
just
49%
kept
49%
lifeless
49%
this
49%
told
49%
frame
48%
promise
48%
secret,
48%
break
47%
oath
47%
went
46%
asked
45%
cruel
45%
name
45%
thing
45%
translation,
45%
casually
44%
honest
44%
much
44%
reached
44%
masterpiece
43%
nobody
41%
wondered
41%
paper
40%
tore
40%
lyin'
38%
prayer
38%
Sacred
36%
Every
35%
scared,
35%
They
35%
hell
34%
Runnin'
34%
we'd
34%
all's
33%
ends
33%
new
33%
she?
33%
age,
32%
if
31%
mind
31%
said
31%
been
30%
die
30%
made
30%
want
30%
closer
29%
double-cross
27%
idea
27%
would've
25%
jewel
22%
yeah
22%
shine
21%
reflects
20%
whose
15%
crumpled-up
14%
never-needy,
14%
ever-lovely
13%
weepin'
13%
No matching quizzes found
Score Distribution
Percent of People with Each Score
Percentile by Number Answered
Your Score History
You have not taken this quiz